000 00915nam a22002777a 4500
001 BR8805139
003 BR-BrBNA
005 20230928093012.0
007 ta
008 230509b bl.||||| |||| 00| 0 por d
040 _aBR-BrBNA
_bpor
_cBiblioteca Nacional de Agricultura
041 _a(Por)
072 _aP01
_b/G514
090 _ P01 BR8805139
100 1 _aMachado, E. de F.
110 1 _aInstituto Brasileiro de Desenvolvimento Florestal, Brasilia, DF (Brasil)
_95727
245 1 _aSintese do diagnostico e definicao de objetivos, metas, estrategias e politicas para o subsetor de conservacao e preservacao de recursos naturais renovaveis
_bVersao preliminar
260 3 _aBrasilia, DF (Brasil):
_c1978.
300 _a22 p.
650 _aRECURSO NATURAL
650 _aCONSERVACAO
650 _aPLANEJAMENTO FLORESTAL
650 _aDIRETRIZ
909 _a202309
_bLucia
_c55
_dLucia Elande
942 _cBK
999 _c42464
_d42464